01228naa#a2200169#i#4500001001600000005001700016011001400033100004100047102000700088200023100095210053800326215001000864608004500874675006600919700005200985856002101037RU\\bibl\12218420260430015741.4##a2074-1626##a20260416b2026####ek#y0rusy0150####ca##aRU1#aО ЗНАЧЕНИИ СЕВЕРНОГО МОРСКОГО ПУТИ ДЛЯ БЕЗОПАСНОСТИ РОССИИ: ПЕРСПЕКТИВЫ РАЗВИТИЯ, НОВЫЕ ВЫЗОВЫ И УГРОЗЫeЖурнальная статья1#aСанкт-ПетербургcСанкт-Петербургский университет Государственной противопожарной службы Министерства Российской Федерации по делам гражданской обороны, чрезвычайным ситуациям и ликвидации последствий стихийных бедствий имени Героя Российской Федерации генерала армии Е.Н. Зиничеваd2026##a8 с.##aЖурнальная статья2local##aЭкономика транспорта и связи. 338.47#1aШеншинgВиктор Михайлович4#ajournals.igps.ru